Statistiques concernant Formes de pays pixelisées #2

Cliquez ici pour prendre le quiz!

Statistiques générales

  • Ce quiz a été pris 9 605 fois
    (4 403 depuis la dernière actualisation)
  • Le résultat moyen est 11 sur 15

Statistiques - réponses

Réponse% Correct
France
97%
Inde
91%
Brésil
88%
Afrique du Sud
84%
Grèce
81%
Norvège
81%
Chine
80%
Mexique
80%
Nouvelle-Zélande
80%
Maroc
73%
Thaïlande
65%
Philippines
41%
Bahamas
38%
Oman
36%
Trinité-et-Tobago
36%

Distribution des résultats

Percentile par nombre de réponses

% des personnes avec chaque résultat

Votre développement - résultats

Vous n’avez pas pris ce quiz depuis la dernière actualisation